000 00897nam0a22002531 4500
001 rc\464320
005 20250621094134.0
035 _a(NLR Aleph) 005708543
090 _a7353178
_c7353178
100 _a20030616d1987 |||y0rusy50 ca
101 0 _arus
102 _aRU
105 _aa |||||||||
200 1 _aЭтапы эволюции ЭВМ
_e(Интеллектуал. системы - прототип ЭВМ общ. назначения)
210 _aМ.
_cЗнание
_d1987
215 _a62, [2] с.
_cил.
_d20
225 1 _aНовое в жизни, науке, технике
_iРадиоэлектроника и связь
_v9/1987
320 _aБиблиогр.: с. 53-54 (26 назв.)
700 1 _aЗаморин
_bА.П.
_gАнатолий Петрович
801 0 _aRU
_bNLR
_gpsbo
801 1 _aRU
_bELAR
_2rusmarc
852 _aNLR
_j87-4/16738
942 _cBOOK
980 _aNB